000 00410nam a22001697a 4500
005 20160525094205.0
008 160525b xxu||||| |||| 00| 0 eng d
020 _a0-07-049966-7
041 _aeng
082 _b4787
100 _aHarif & Mukherjee
_91189
245 _aModern Accountincy (Vol-2)
260 _aNew Delhi
_bAcademic Faundation
300 _a37.74
650 _aManagement
_9241
942 _cBK
999 _c1625
_d1624